|
|
|
|
| LEADER |
00000nab a2200000 a 4500 |
| 001 |
vtls009481576 |
| 003 |
SK-MaSNL |
| 005 |
20260303053257.0 |
| 008 |
090309 2009 xo m p 000 0 slo |
| 015 |
|
|
|a SNBRB 2009/03
|
| 038 |
|
|
|a KEKMK
|
| 040 |
|
|
|a KEKMK
|b slo
|c KEKMK
|e AACR2
|
| 041 |
|
|
|a slo
|
| 044 |
|
|
|a xo
|c SK
|
| 080 |
|
|
|a 82-93
|2 kekmk
|
| 100 |
1 |
|
|a Šinkovicová, Zuzana
|4 aut
|9 346977
|
| 245 |
1 |
0 |
|a Poďte chlapci, poďte s nami
|c Zuzana Šinkovicová
|
| 650 |
0 |
7 |
|a literatúra pre deti a mládež
|2 kekmk
|9 21893
|
| 773 |
0 |
|
|t Včielka : časopis pre najmenších
|g Roč. 51, č.6 február (2009), s.5
|x 1335-6488
|
| 958 |
|
|
|a DB
|
| 999 |
|
|
|c 1718513
|d 1720443
|